[Event "Girls U20 Polish Youth Championship"]
[Site "Ustron"]
[Date "2019.11.25"]
[Round "4"]
[White "Kubicka, Anna"]
[Black "Dwilewicz, Katarzyna"]
[Result "1/2-1/2"]
[Board "1"]
[WhiteElo "2221"]
[WhiteTitle "WIM"]
[WhiteCountry "POL"]
[WhiteFideId "1152254"]
[WhiteEloChange "-3"]
[BlackElo "2100"]
[BlackTitle "WFM"]
[BlackCountry "POL"]
[BlackFideId "1148486"]
[BlackEloChange "3"]

1. d4 {[%clk 1:30:58]} Nf6 {[%clk 1:30:37]} 2. c4 {[%clk 1:31:23]} g6 {[%clk
1:30:05]} 3. Nf3 {[%clk 1:31:47]} Bg7 {[%clk 1:28:59]} 4. g3 {[%clk 1:32:04]} O-O
{[%clk 1:29:23]} 5. Bg2 {[%clk 1:32:32]} d6 {[%clk 1:29:36]} 6. O-O {[%clk
1:32:47]} c5 {[%clk 1:30:02]} 7. Nc3 {[%clk 1:31:17]} Nc6 {[%clk 1:28:48]} 8. d5
{[%clk 1:31:07]} Na5 {[%clk 1:29:08]} 9. Qd3 {[%clk 1:29:04]} e6 {[%clk 1:20:46]}
10. e4 {[%clk 1:10:24]} exd5 {[%clk 1:19:06]} 11. cxd5 {[%clk 1:10:50]} a6 {[%clk
1:17:38]} 12. Bf4 {[%clk 1:09:24]} b5 {[%clk 1:14:29]} 13. a3 {[%clk 1:05:24]}
Re8 {[%clk 1:10:01]} 14. Rfe1 {[%clk 1:01:37]} Nh5 {[%clk 1:03:49]} 15. Bg5
{[%clk 0:58:43]} Qc7 {[%clk 0:59:38]} 16. Rad1 {[%clk 0:45:01]} h6 {[%clk
0:48:30]} 17. Be3 {[%clk 0:42:44]} Nc4 {[%clk 0:45:39]} 18. Bc1 {[%clk 0:41:53]}
Bg4 {[%clk 0:45:31]} 19. h3 {[%clk 0:30:01]} Ne5 {[%clk 0:41:04]} 20. Nxe5 {[%clk
0:29:52]} Bxd1 {[%clk 0:41:27]} 21. Nc6 {[%clk 0:30:06]} Bb3 {[%clk 0:37:42]} 22.
Nxb5 {[%clk 0:28:37]} axb5 {[%clk 0:35:08]} 23. Qxb3 {[%clk 0:29:06]} Qb7 {[%clk
0:31:49]} 24. g4 {[%clk 0:23:48]} Nf6 {[%clk 0:31:36]} 25. f4 {[%clk 0:20:19]}
Nd7 {[%clk 0:24:25]} 26. Qg3 {[%clk 0:14:37]} Qc7 {[%clk 0:20:53]} 27. Kh1 {[%clk
0:09:42]} Nb8 {[%clk 0:16:26]} 28. Qb3 {[%clk 0:03:49]} Nxc6 {[%clk 0:16:08]} 29.
dxc6 {[%clk 0:04:18]} Qa5 {[%clk 0:15:06]} 30. Rd1 {[%clk 0:03:36]} Bd4 {[%clk
0:14:38]} 31. Qf3 {[%clk 0:02:07]} Qc7 {[%clk 0:12:42]} 32. Qb3 {[%clk 0:01:35]}
Rab8 {[%clk 0:12:48]} 33. Rf1 {[%clk 0:01:30]} Qxc6 {[%clk 0:12:12]} 34. f5
{[%clk 0:01:26]} g5 {[%clk 0:10:31]} 35. e5 {[%clk 0:01:19]} Qc7 {[%clk 0:09:34]}
36. e6 {[%clk 0:01:12]} Kg7 {[%clk 0:04:46]} 37. Bd5 {[%clk 0:00:55]} fxe6 {[%clk
0:04:14]} 38. Bxe6 {[%clk 0:01:12]} Qb7+ {[%clk 0:02:26]} 39. Bd5 {[%clk
0:01:27]} Qe7 {[%clk 0:02:07]} 40. Be6 {[%clk 0:30:54]} Rf8 {[%clk 0:30:58]} 41.
Be3 {[%clk 0:25:20]} Qf6 {[%clk 0:24:23]} 42. Bxd4 {[%clk 0:24:04]} Qxd4 {[%clk
0:24:46]} 43. Rd1 {[%clk 0:24:28]} Qe4+ {[%clk 0:22:53]} 44. Kh2 {[%clk 0:24:35]}
Qe5+ {[%clk 0:18:28]} 45. Kg2 {[%clk 0:22:30]} Rbe8 {[%clk 0:15:38]} 46. Qc2
{[%clk 0:16:05]} Rxe6 {[%clk 0:13:50]} 47. fxe6 {[%clk 0:16:19]} Qxe6 {[%clk
0:14:13]} 48. Qc3+ {[%clk 0:15:56]} Kg8 {[%clk 0:12:26]} 49. Qd3 {[%clk 0:15:49]}
Rf6 {[%clk 0:09:42]} 50. Rf1 {[%clk 0:07:02]} Rxf1 {[%clk 0:06:31]} 51. Kxf1
{[%clk 0:07:30]} Qf6+ {[%clk 0:05:50]} 52. Kg1 {[%clk 0:06:09]} Kf7 {[%clk
0:03:26]} 53. Qxb5 {[%clk 0:05:41]} 1/2-1/2

[Event "Girls U20 Polish Youth Championship"]
[Site "Ustron"]
[Date "2019.11.25"]
[Round "4"]
[White "Cieslak, Wiktoria"]
[Black "Antolak, Julia"]
[Result "1/2-1/2"]
[Board "2"]
[WhiteElo "2039"]
[WhiteCountry "POL"]
[WhiteFideId "1160036"]
[WhiteEloChange "5"]
[BlackElo "2249"]
[BlackTitle "WIM"]
[BlackCountry "POL"]
[BlackFideId "1159569"]
[BlackEloChange "-5"]

1. e4 {[%clk 1:30:58]} c5 {[%clk 1:30:55]} 2. Nf3 {[%clk 1:31:25]} e6 {[%clk
1:31:19]} 3. d4 {[%clk 1:31:51]} cxd4 {[%clk 1:31:42]} 4. Nxd4 {[%clk 1:32:17]}
Nf6 {[%clk 1:32:02]} 5. Nc3 {[%clk 1:32:39]} d6 {[%clk 1:32:26]} 6. Bg5 {[%clk
1:31:43]} Be7 {[%clk 1:32:43]} 7. f4 {[%clk 1:31:47]} h6 {[%clk 1:32:47]} 8. Bxf6
{[%clk 1:30:50]} Bxf6 {[%clk 1:33:11]} 9. Qd2 {[%clk 1:30:34]} O-O {[%clk
1:26:34]} 10. O-O-O {[%clk 1:30:22]} a6 {[%clk 1:23:21]} 11. Nf3 {[%clk 1:29:26]}
Qa5 {[%clk 1:10:28]} 12. Bc4 {[%clk 1:26:51]} b5 {[%clk 1:07:19]} 13. Bb3 {[%clk
1:24:47]} Bb7 {[%clk 1:06:20]} 14. Rhe1 {[%clk 1:24:26]} Rc8 {[%clk 0:53:58]} 15.
e5 {[%clk 1:19:53]} dxe5 {[%clk 0:53:19]} 16. fxe5 {[%clk 1:20:20]} Be7 {[%clk
0:49:51]} 17. Ne4 {[%clk 1:13:54]} Qxd2+ {[%clk 0:47:23]} 18. Rxd2 {[%clk
1:13:42]} Bxe4 {[%clk 0:46:19]} 19. Rxe4 {[%clk 1:14:07]} Nc6 {[%clk 0:46:37]}
20. Rd7 {[%clk 1:12:10]} Rd8 {[%clk 0:45:01]} 21. Rxd8+ {[%clk 1:12:07]} Rxd8
{[%clk 0:45:11]} 22. c3 {[%clk 1:11:55]} g5 {[%clk 0:39:19]} 23. a4 {[%clk
1:08:54]} b4 {[%clk 0:37:20]} 24. Bc4 {[%clk 1:05:48]} a5 {[%clk 0:31:01]} 25.
Nd4 {[%clk 1:01:54]} Nxd4 {[%clk 0:29:04]} 26. cxd4 {[%clk 1:02:10]} Rc8 {[%clk
0:28:24]} 27. b3 {[%clk 1:02:36]} Bd8 {[%clk 0:28:06]} 28. Re3 {[%clk 0:53:03]}
Bb6 {[%clk 0:26:29]} 29. Rd3 {[%clk 0:53:21]} Rd8 {[%clk 0:26:00]} 30. d5 {[%clk
0:53:45]} exd5 {[%clk 0:26:19]} 31. Rxd5 {[%clk 0:53:50]} Rxd5 {[%clk 0:25:51]}
32. Bxd5 {[%clk 0:54:16]} Bc7 {[%clk 0:26:16]} 33. e6 {[%clk 0:54:38]} fxe6
{[%clk 0:26:43]} 34. Bxe6+ {[%clk 0:55:04]} Kg7 {[%clk 0:27:08]} 35. h3 {[%clk
0:55:26]} Kf6 {[%clk 0:27:35]} 36. Bg4 {[%clk 0:55:16]} 1/2-1/2

[Event "Girls U20 Polish Youth Championship"]
[Site "Ustron"]
[Date "2019.11.25"]
[Round "4"]
[White "Goraj, Barbara"]
[Black "Adamczyk, Zuzanna"]
[Result "1-0"]
[Board "3"]
[WhiteElo "2044"]
[WhiteTitle "WCM"]
[WhiteCountry "POL"]
[WhiteFideId "21816166"]
[WhiteEloChange "9"]
[BlackElo "1992"]
[BlackCountry "POL"]
[BlackFideId "1187570"]
[BlackEloChange "-9"]

1. e4 {[%clk 1:30:58]} c5 {[%clk 1:30:51]} 2. Nf3 {[%clk 1:31:21]} e6 {[%clk
1:31:14]} 3. d4 {[%clk 1:31:45]} cxd4 {[%clk 1:31:33]} 4. Nxd4 {[%clk 1:32:08]}
Nc6 {[%clk 1:31:43]} 5. Nb5 {[%clk 1:31:48]} d6 {[%clk 1:31:16]} 6. c4 {[%clk
1:31:45]} a6 {[%clk 1:30:18]} 7. Nd4 {[%clk 1:30:52]} Nf6 {[%clk 1:26:45]} 8. Nc3
{[%clk 1:30:46]} Qc7 {[%clk 1:25:26]} 9. Be2 {[%clk 1:28:40]} Be7 {[%clk
1:24:01]} 10. Be3 {[%clk 1:27:31]} O-O {[%clk 1:19:39]} 11. O-O {[%clk 1:27:01]}
Nxd4 {[%clk 1:17:54]} 12. Qxd4 {[%clk 1:25:29]} Nd7 {[%clk 1:06:53]} 13. Rfd1
{[%clk 1:23:11]} b6 {[%clk 1:03:03]} 14. Rac1 {[%clk 1:21:17]} Bb7 {[%clk
1:00:41]} 15. f3 {[%clk 1:19:12]} Rac8 {[%clk 0:49:56]} 16. Kh1 {[%clk 1:06:07]}
Rfe8 {[%clk 0:42:16]} 17. Bf1 {[%clk 1:01:31]} Ba8 {[%clk 0:37:52]} 18. Qd2
{[%clk 0:57:05]} Qb8 {[%clk 0:34:47]} 19. b4 {[%clk 0:47:50]} Red8 {[%clk
0:30:13]} 20. a3 {[%clk 0:44:13]} Qb7 {[%clk 0:20:18]} 21. Qf2 {[%clk 0:40:41]}
Qb8 {[%clk 0:17:22]} 22. Na4 {[%clk 0:37:14]} Rc6 {[%clk 0:14:30]} 23. Rc2 {[%clk
0:29:20]} Rdc8 {[%clk 0:08:58]} 24. Rdc1 {[%clk 0:21:14]} Qc7 {[%clk 0:04:43]}
25. Rc3 {[%clk 0:18:42]} Qa7 {[%clk 0:02:09]} 26. Nb2 {[%clk 0:16:39]} d5 {[%clk
0:01:31]} 27. exd5 {[%clk 0:14:15]} exd5 {[%clk 0:01:57]} 28. Na4 {[%clk
0:13:09]} dxc4 {[%clk 0:01:59]} 29. Bxc4 {[%clk 0:12:49]} Qb7 {[%clk 0:01:02]}
30. Bd5 {[%clk 0:07:53]} Rxc3 {[%clk 0:01:19]} 31. Rxc3 {[%clk 0:08:01]} Qb8
{[%clk 0:00:51]} 32. Rxc8+ {[%clk 0:07:13]} Qxc8 {[%clk 0:01:14]} 33. Bxa8 {[%clk
0:07:37]} b5 {[%clk 0:01:03]} 34. Be4 {[%clk 0:05:29]} bxa4 {[%clk 0:00:54]} 35.
Qc2 {[%clk 0:05:31]} Qxc2 {[%clk 0:00:41]} 36. Bxc2 {[%clk 0:05:53]} Ne5 {[%clk
0:00:50]} 37. Bxa4 {[%clk 0:05:40]} Nc4 {[%clk 0:00:51]} 38. Bc1 {[%clk 0:06:04]}
Bf6 {[%clk 0:00:40]} 39. Bd1 {[%clk 0:05:12]} Kf8 {[%clk 0:00:34]} 40. Be2 {[%clk
0:35:20]} Nb2 {[%clk 0:30:36]} 41. Bxa6 {[%clk 0:34:29]} Ke7 {[%clk 0:30:38]} 42.
Kg1 {[%clk 0:30:28]} Kd6 {[%clk 0:30:02]} 43. Kf2 {[%clk 0:27:38]} Kc6 {[%clk
0:30:08]} 44. Be2 {[%clk 0:22:31]} Kd5 {[%clk 0:28:36]} 45. b5 {[%clk 0:19:19]}
Na4 {[%clk 0:27:00]} 46. Be3 {[%clk 0:17:58]} Bb2 {[%clk 0:25:56]} 47. Bd1 {[%clk
0:17:23]} Nc5 {[%clk 0:24:04]} 48. a4 {[%clk 0:17:05]} Kc4 {[%clk 0:23:59]} 49.
Be2+ {[%clk 0:16:30]} Kb4 {[%clk 0:23:43]} 50. a5 {[%clk 0:16:00]} Ne6 {[%clk
0:19:48]} 51. a6 {[%clk 0:13:34]} Nc7 {[%clk 0:19:54]} 52. b6 {[%clk 0:13:43]}
1-0

[Event "Girls U20 Polish Youth Championship"]
[Site "Ustron"]
[Date "2019.11.25"]
[Round "4"]
[White "Hertlein, Irena"]
[Black "Kiolbasa, Oliwia"]
[Result "0-1"]
[Board "4"]
[WhiteElo "1771"]
[WhiteCountry "POL"]
[WhiteFideId "21817618"]
[WhiteEloChange "-2"]
[BlackElo "2208"]
[BlackTitle "WIM"]
[BlackCountry "POL"]
[BlackFideId "1154613"]
[BlackEloChange "2"]

1. d4 {[%clk 1:30:57]} Nf6 {[%clk 1:30:47]} 2. Nf3 {[%clk 1:31:21]} e6 {[%clk
1:31:05]} 3. Bf4 {[%clk 1:31:12]} b6 {[%clk 1:25:44]} 4. e3 {[%clk 1:30:26]} Bb7
{[%clk 1:26:00]} 5. Nbd2 {[%clk 1:30:42]} d6 {[%clk 1:25:16]} 6. Bd3 {[%clk
1:30:19]} Be7 {[%clk 1:21:19]} 7. h3 {[%clk 1:23:33]} O-O {[%clk 1:19:37]} 8. O-O
{[%clk 1:23:49]} c5 {[%clk 1:19:00]} 9. c3 {[%clk 1:21:47]} Nc6 {[%clk 1:13:07]}
10. Qe2 {[%clk 1:20:03]} a6 {[%clk 1:13:22]} 11. a4 {[%clk 1:14:51]} Re8 {[%clk
1:09:50]} 12. Rfd1 {[%clk 1:11:27]} Bf8 {[%clk 1:06:13]} 13. e4 {[%clk 1:06:30]}
cxd4 {[%clk 1:01:03]} 14. Nxd4 {[%clk 1:04:53]} Qc7 {[%clk 0:54:16]} 15. Bg3
{[%clk 0:57:14]} e5 {[%clk 0:48:43]} 16. Nf5 {[%clk 0:55:54]} g6 {[%clk 0:48:14]}
17. Ne3 {[%clk 0:55:14]} Nd8 {[%clk 0:48:22]} 18. Bh4 {[%clk 0:39:35]} Nh5 {[%clk
0:46:43]} 19. Bxd8 {[%clk 0:39:27]} Rexd8 {[%clk 0:46:40]} 20. g3 {[%clk
0:36:41]} Nf6 {[%clk 0:43:55]} 21. Ng4 {[%clk 0:35:55]} Nxg4 {[%clk 0:41:34]} 22.
hxg4 {[%clk 0:36:00]} Bg7 {[%clk 0:30:58]} 23. Bc4 {[%clk 0:30:45]} Kh8 {[%clk
0:23:40]} 24. Bd5 {[%clk 0:28:48]} Bxd5 {[%clk 0:18:51]} 25. exd5 {[%clk
0:29:09]} f5 {[%clk 0:19:15]} 26. gxf5 {[%clk 0:28:23]} gxf5 {[%clk 0:19:43]} 27.
Nf3 {[%clk 0:23:52]} Bf6 {[%clk 0:19:23]} 28. Kg2 {[%clk 0:22:50]} Rg8 {[%clk
0:18:56]} 29. Rh1 {[%clk 0:21:09]} Qf7 {[%clk 0:15:01]} 30. c4 {[%clk 0:16:24]}
e4 {[%clk 0:13:09]} 31. Nh4 {[%clk 0:10:36]} Be5 {[%clk 0:13:31]} 32. Rh3 {[%clk
0:10:08]} Rg7 {[%clk 0:09:56]} 33. Rah1 {[%clk 0:07:08]} Rf8 {[%clk 0:04:58]} 34.
f3 {[%clk 0:05:25]} Rfg8 {[%clk 0:04:24]} 35. fxe4 {[%clk 0:04:47]} fxe4 {[%clk
0:01:50]} 36. Qf2 {[%clk 0:04:36]} Rxg3+ {[%clk 0:01:34]} 37. Rxg3 {[%clk
0:04:06]} Rxg3+ {[%clk 0:01:38]} 38. Kf1 {[%clk 0:04:27]} Qxf2+ {[%clk 0:01:33]}
39. Kxf2 {[%clk 0:04:51]} Rg4 {[%clk 0:01:56]} 40. Ng2 {[%clk 0:02:33]} Bxb2
{[%clk 0:31:24]} 41. Ne3 {[%clk 0:32:36]} Bd4 {[%clk 0:26:29]} 42. Ke2 {[%clk
0:32:19]} Rg3 {[%clk 0:25:01]} 43. Nf5 {[%clk 0:32:22]} Rg2+ {[%clk 0:25:23]} 44.
Kd1 {[%clk 0:31:42]} Bc5 {[%clk 0:25:13]} 45. Rh4 {[%clk 0:30:57]} Rf2 {[%clk
0:21:42]} 46. Ng3 {[%clk 0:26:04]} e3 {[%clk 0:21:59]} 47. Re4 {[%clk 0:25:45]}
Kg8 {[%clk 0:18:31]} 48. Re6 {[%clk 0:24:55]} Kf7 {[%clk 0:08:54]} 49. Rh6 {[%clk
0:24:15]} Rd2+ {[%clk 0:04:31]} 50. Ke1 {[%clk 0:24:33]} Rg2 {[%clk 0:04:56]} 51.
Ne2 {[%clk 0:24:20]} Kg7 {[%clk 0:04:40]} 52. Re6 {[%clk 0:25:05]} h5 {[%clk
0:04:49]} 53. Nf4 {[%clk 0:25:17]} Rg1+ {[%clk 0:05:06]} 54. Ke2 {[%clk 0:25:42]}
h4 {[%clk 0:05:28]} 55. Nh5+ {[%clk 0:25:13]} Kf7 {[%clk 0:05:17]} 56. Rf6+
{[%clk 0:25:27]} Kg8 {[%clk 0:05:43]} 0-1

[Event "Girls U20 Polish Youth Championship"]
[Site "Ustron"]
[Date "2019.11.25"]
[Round "4"]
[White "Dylag, Emilia"]
[Black "Siekanska, Maria"]
[Result "1-0"]
[Board "5"]
[WhiteElo "2046"]
[WhiteCountry "POL"]
[WhiteFideId "21805172"]
[WhiteEloChange "3"]
[BlackElo "1773"]
[BlackCountry "POL"]
[BlackFideId "21852650"]
[BlackEloChange "-3"]

1. Nf3 {[%clk 1:30:55]} d5 {[%clk 1:30:54]} 2. g3 {[%clk 1:31:14]} c5 {[%clk
1:31:10]} 3. Bg2 {[%clk 1:31:35]} Nc6 {[%clk 1:31:24]} 4. d4 {[%clk 1:31:44]} e6
{[%clk 1:31:28]} 5. O-O {[%clk 1:31:34]} Nf6 {[%clk 1:31:38]} 6. c4 {[%clk
1:31:25]} Be7 {[%clk 1:31:45]} 7. dxc5 {[%clk 1:31:27]} Bxc5 {[%clk 1:31:49]} 8.
a3 {[%clk 1:31:32]} Ne4 {[%clk 1:30:46]} 9. b4 {[%clk 1:25:15]} Be7 {[%clk
1:30:43]} 10. cxd5 {[%clk 1:22:54]} exd5 {[%clk 1:30:58]} 11. Bb2 {[%clk
1:16:48]} O-O {[%clk 1:30:44]} 12. Nbd2 {[%clk 1:04:36]} a6 {[%clk 1:22:11]} 13.
Nb3 {[%clk 1:03:11]} Re8 {[%clk 1:19:10]} 14. Rc1 {[%clk 0:59:24]} Be6 {[%clk
1:14:20]} 15. Nfd4 {[%clk 0:53:09]} Qd7 {[%clk 1:09:13]} 16. Nxc6 {[%clk
0:50:04]} bxc6 {[%clk 1:07:27]} 17. Qc2 {[%clk 0:45:35]} Rac8 {[%clk 0:57:53]}
18. Rfd1 {[%clk 0:37:26]} Ng5 {[%clk 0:53:43]} 19. Qd3 {[%clk 0:33:01]} Bh3
{[%clk 0:47:02]} 20. Bd4 {[%clk 0:19:39]} h5 {[%clk 0:35:48]} 21. Bxh3 {[%clk
0:13:34]} Qxh3 {[%clk 0:34:30]} 22. Qxa6 {[%clk 0:11:57]} Qe6 {[%clk 0:24:31]}
23. Qd3 {[%clk 0:10:43]} h4 {[%clk 0:23:43]} 24. Be3 {[%clk 0:08:23]} Ne4 {[%clk
0:22:57]} 25. f3 {[%clk 0:02:30]} Nf6 {[%clk 0:20:10]} 26. Nd4 {[%clk 0:02:21]}
Qd7 {[%clk 0:19:02]} 27. Qf5 {[%clk 0:01:34]} Qb7 {[%clk 0:16:42]} 28. Bg5 {[%clk
0:00:46]} hxg3 {[%clk 0:16:36]} 29. hxg3 {[%clk 0:01:12]} Qa7 {[%clk 0:13:09]}
30. Qd3 {[%clk 0:01:10]} Nd7 {[%clk 0:12:01]} 31. Bxe7 {[%clk 0:01:16]} Rxe7
{[%clk 0:12:29]} 32. Kf1 {[%clk 0:01:11]} Ne5 {[%clk 0:11:29]} 33. Qf5 {[%clk
0:01:12]} Rce8 {[%clk 0:11:57]} 34. Kg2 {[%clk 0:00:35]} Nc4 {[%clk 0:11:56]} 35.
Rc3 {[%clk 0:00:36]} Ne3+ {[%clk 0:11:56]} 36. Rxe3 {[%clk 0:01:02]} Rxe3 {[%clk
0:12:24]} 37. g4 {[%clk 0:00:46]} Qxa3 {[%clk 0:10:25]} 38. Rh1 {[%clk 0:00:56]}
Rxe2+ {[%clk 0:06:46]} 39. Kg3 {[%clk 0:00:53]} R8e6 {[%clk 0:02:37]} 40. Nxe2
{[%clk 0:30:44]} Rh6 {[%clk 0:31:12]} 41. Rxh6 {[%clk 0:29:44]} gxh6 {[%clk
0:31:41]} 42. Qc8+ {[%clk 0:29:24]} Kg7 {[%clk 0:32:08]} 43. Qxc6 {[%clk
0:29:34]} Qxb4 {[%clk 0:32:31]} 44. Qc3+ {[%clk 0:29:10]} Qxc3 {[%clk 0:32:53]}
45. Nxc3 {[%clk 0:29:37]} d4 {[%clk 0:33:19]} 46. Ne4 {[%clk 0:29:25]} Kg6 {[%clk
0:33:23]} 47. Kf4 {[%clk 0:28:23]} h5 {[%clk 0:33:09]} 48. gxh5+ {[%clk 0:27:56]}
Kxh5 {[%clk 0:33:34]} 49. Nd2 {[%clk 0:28:04]} Kg6 {[%clk 0:33:27]} 50. Ke4
{[%clk 0:28:12]} Kg5 {[%clk 0:33:49]} 51. Kxd4 {[%clk 0:28:27]} Kf4 {[%clk
0:34:15]} 1-0

[Event "Girls U20 Polish Youth Championship"]
[Site "Ustron"]
[Date "2019.11.25"]
[Round "4"]
[White "Stochnialek, Dominika"]
[Black "Kulpa, Zuzanna"]
[Result "0-1"]
[Board "6"]
[WhiteElo "1768"]
[WhiteCountry "POL"]
[WhiteFideId "1165402"]
[WhiteEloChange "-7"]
[BlackElo "1878"]
[BlackCountry "POL"]
[BlackFideId "1195093"]
[BlackEloChange "7"]

1. e4 {[%clk 1:30:58]} c6 {[%clk 1:30:57]} 2. d4 {[%clk 1:31:23]} d5 {[%clk
1:31:22]} 3. exd5 {[%clk 1:31:51]} cxd5 {[%clk 1:31:47]} 4. c4 {[%clk 1:30:15]}
Nf6 {[%clk 1:31:57]} 5. Nc3 {[%clk 1:30:33]} e6 {[%clk 1:32:11]} 6. Nf3 {[%clk
1:30:48]} Bb4 {[%clk 1:32:30]} 7. Bd3 {[%clk 1:29:14]} O-O {[%clk 1:31:12]} 8.
O-O {[%clk 1:29:25]} dxc4 {[%clk 1:30:45]} 9. Bxc4 {[%clk 1:29:51]} b6 {[%clk
1:29:52]} 10. Ne5 {[%clk 1:21:34]} Bb7 {[%clk 1:27:59]} 11. a3 {[%clk 1:18:08]}
Bxc3 {[%clk 1:25:32]} 12. bxc3 {[%clk 1:18:37]} Nd5 {[%clk 1:25:08]} 13. Qc2
{[%clk 1:14:10]} Nd7 {[%clk 1:23:50]} 14. Nf3 {[%clk 1:08:53]} Rc8 {[%clk
1:22:22]} 15. Qd3 {[%clk 1:07:19]} Nxc3 {[%clk 1:14:49]} 0-1

[Event "Girls U20 Polish Youth Championship"]
[Site "Ustron"]
[Date "2019.11.25"]
[Round "4"]
[White "Szczotka, Klara"]
[Black "Malicka, Maria"]
[Result "1/2-1/2"]
[Board "7"]
[WhiteElo "1781"]
[WhiteCountry "POL"]
[WhiteFideId "21858845"]
[WhiteEloChange "7"]
[BlackElo "2104"]
[BlackTitle "WCM"]
[BlackCountry "POL"]
[BlackFideId "1197576"]
[BlackEloChange "-7"]

1. e4 {[%clk 1:30:30]} c5 {[%clk 1:30:39]} 2. Nf3 {[%clk 1:30:30]} d6 {[%clk
1:30:39]} 3. Bb5+ {[%clk 1:30:39]} Nd7 {[%clk 1:30:44]} 4. c4 {[%clk 1:30:33]}
Nf6 {[%clk 1:28:41]} 5. Nc3 {[%clk 1:30:38]} e5 {[%clk 1:28:04]} 6. d3 {[%clk
1:30:42]} Be7 {[%clk 1:26:58]} 7. Be3 {[%clk 1:29:41]} O-O {[%clk 1:26:47]} 8.
O-O {[%clk 1:29:15]} Nb6 {[%clk 1:25:40]} 9. Ba4 {[%clk 1:27:42]} Nxa4 {[%clk
1:23:32]} 10. Qxa4 {[%clk 1:27:11]} a6 {[%clk 1:21:04]} 11. Qb3 {[%clk 1:22:05]}
Rb8 {[%clk 1:15:22]} 12. Bg5 {[%clk 1:20:12]} Ne8 {[%clk 1:05:46]} 13. Bxe7
{[%clk 1:18:55]} Qxe7 {[%clk 1:05:50]} 14. Nd5 {[%clk 1:19:15]} Qd8 {[%clk
1:05:50]} 15. Ne1 {[%clk 1:18:19]} b5 {[%clk 1:03:16]} 16. Qc2 {[%clk 1:16:26]}
bxc4 {[%clk 0:54:56]} 17. dxc4 {[%clk 1:16:51]} f5 {[%clk 0:55:16]} 18. f3 {[%clk
1:15:39]} fxe4 {[%clk 0:54:04]} 19. fxe4 {[%clk 1:15:39]} Rxf1+ {[%clk 0:54:29]}
20. Kxf1 {[%clk 1:16:04]} Nc7 {[%clk 0:49:23]} 21. Nxc7 {[%clk 1:14:06]} Qxc7
{[%clk 0:49:47]} 22. b3 {[%clk 1:13:50]} Bb7 {[%clk 0:49:52]} 23. Nf3 {[%clk
1:13:24]} Rf8 {[%clk 0:48:45]} 24. Re1 {[%clk 1:11:26]} Rf4 {[%clk 0:42:48]} 25.
Kg1 {[%clk 1:10:50]} Qf7 {[%clk 0:42:11]} 26. Qd3 {[%clk 1:09:27]} Qg6 {[%clk
0:41:45]} 27. Nd2 {[%clk 1:09:17]} h5 {[%clk 0:40:28]} 28. a3 {[%clk 1:02:23]}
Kh7 {[%clk 0:36:44]} 29. b4 {[%clk 1:00:41]} h4 {[%clk 0:34:30]} 30. Qe3 {[%clk
0:58:17]} cxb4 {[%clk 0:33:54]} 31. axb4 {[%clk 0:58:42]} Bc8 {[%clk 0:32:01]}
32. Rf1 {[%clk 0:53:56]} h3 {[%clk 0:24:42]} 33. g3 {[%clk 0:52:59]} Rxf1+ {[%clk
0:24:42]} 34. Kxf1 {[%clk 0:52:53]} Be6 {[%clk 0:21:58]} 35. Qd3 {[%clk 0:50:35]}
Qg4 {[%clk 0:15:56]} 36. Ke1 {[%clk 0:48:57]} Bf7 {[%clk 0:15:14]} 37. Qe2 {[%clk
0:46:49]} Qe6 {[%clk 0:13:37]} 38. Kd1 {[%clk 0:44:36]} Qe8 {[%clk 0:12:50]} 39.
Kc2 {[%clk 0:42:02]} Qa4+ {[%clk 0:11:48]} 40. Kc3 {[%clk 0:42:22]} Qa1+ {[%clk
0:10:26]} 41. Kb3 {[%clk 0:42:06]} Be8 {[%clk 0:08:07]} 42. b5 {[%clk 0:36:54]}
axb5 {[%clk 0:05:19]} 43. cxb5 {[%clk 0:37:14]} Qa5 {[%clk 0:05:38]} 44. Qd3
{[%clk 0:35:36]} Qb6 45. Ka4 {[%clk 0:31:41]} Bd7 46. Nf3 {[%clk 0:24:44]} Kg8
47. Qd5+ {[%clk 0:21:02]} Kf8 48. Ng5 {[%clk 0:19:13]} Ke7 49. Qf7+ {[%clk
0:19:06]} Kd8 50. Qg8+ {[%clk 0:18:35]} Kc7 51. Qc4+ {[%clk 0:18:54]} Kd8 52.
Qg8+ {[%clk 0:17:21]} Kc7 53. Qc4+ {[%clk 0:17:40]} Kd8 54. Qg8+ {[%clk 0:17:40]}
1/2-1/2

[Event "Girls U20 Polish Youth Championship"]
[Site "Ustron"]
[Date "2019.11.25"]
[Round "4"]
[White "Mirowska, Oliwia"]
[Black "Siekanska, Zuzanna"]
[Result "1-0"]
[Board "8"]
[WhiteElo "1925"]
[WhiteCountry "POL"]
[WhiteFideId "21807574"]
[WhiteEloChange "5"]
[BlackElo "1723"]
[BlackCountry "POL"]
[BlackFideId "21852537"]
[BlackEloChange "-5"]

1. f4 {[%clk 1:30:49]} d5 {[%clk 1:30:25]} 2. Nf3 {[%clk 1:31:08]} e6 {[%clk
1:30:35]} 3. g3 {[%clk 1:31:28]} Bd6 {[%clk 1:30:03]} 4. Bg2 {[%clk 1:31:38]} Ne7
{[%clk 1:28:58]} 5. b3 {[%clk 1:31:42]} c5 {[%clk 1:28:54]} 6. Bb2 {[%clk
1:31:49]} f6 {[%clk 1:28:23]} 7. e3 {[%clk 1:27:43]} Nbc6 {[%clk 1:28:14]} 8. d3
{[%clk 1:26:19]} Nf5 {[%clk 1:22:02]} 9. Qe2 {[%clk 1:25:12]} d4 {[%clk 1:19:18]}
10. exd4 {[%clk 1:21:01]} Nfxd4 {[%clk 1:19:22]} 11. Nxd4 {[%clk 1:20:46]} Nxd4
{[%clk 1:19:08]} 12. Qf2 {[%clk 1:20:10]} Nc6 {[%clk 1:11:30]} 13. O-O {[%clk
1:19:19]} Qc7 {[%clk 1:05:03]} 14. Nd2 {[%clk 1:18:19]} O-O {[%clk 1:04:08]} 15.
Kh1 {[%clk 1:18:24]} Bd7 {[%clk 1:02:55]} 16. Ne4 {[%clk 1:17:14]} b6 {[%clk
1:02:13]} 17. Rad1 {[%clk 1:12:06]} Rad8 {[%clk 0:57:53]} 18. Nxd6 {[%clk
1:03:15]} Qxd6 {[%clk 0:58:04]} 19. Rfe1 {[%clk 1:03:18]} e5 {[%clk 0:49:26]} 20.
f5 {[%clk 1:02:48]} Nd4 {[%clk 0:48:58]} 21. g4 {[%clk 1:02:45]} Bc6 {[%clk
0:48:08]} 22. c3 {[%clk 1:01:49]} Bxg2+ {[%clk 0:44:43]} 23. Qxg2 {[%clk
1:02:02]} Nc6 {[%clk 0:45:09]} 24. Qg3 {[%clk 0:56:36]} Ne7 {[%clk 0:40:11]} 25.
d4 {[%clk 0:51:00]} cxd4 {[%clk 0:39:23]} 26. cxd4 {[%clk 0:51:20]} Nc6 {[%clk
0:38:54]} 27. dxe5 {[%clk 0:24:05]} Qxd1 {[%clk 0:39:02]} 28. Rxd1 {[%clk
0:23:22]} Rxd1+ {[%clk 0:39:21]} 29. Kg2 {[%clk 0:23:41]} Rd2+ {[%clk 0:38:16]}
30. Kh3 {[%clk 0:23:47]} Rfd8 {[%clk 0:37:50]} 31. Qf4 {[%clk 0:21:55]} Rxb2
{[%clk 0:36:18]} 32. exf6 {[%clk 0:21:20]} gxf6 {[%clk 0:35:22]} 33. Qc4+ {[%clk
0:21:18]} Kf8 {[%clk 0:33:56]} 34. Qc3 {[%clk 0:21:22]} Rbd2 {[%clk 0:24:38]} 35.
Qxf6+ {[%clk 0:21:41]} Kg8 {[%clk 0:24:27]} 36. Qxc6 {[%clk 0:21:43]} R8d3+
{[%clk 0:23:37]} 37. Kh4 {[%clk 0:22:05]} Rxh2+ {[%clk 0:23:27]} 38. Kg5 {[%clk
0:22:30]} Rhd2 {[%clk 0:20:33]} 39. Qe8+ {[%clk 0:22:49]} Kg7 {[%clk 0:20:30]}
40. f6# {[%clk 0:23:13]} 1-0